000 00360pab a2200145 454500
008 180718b2000 xxu||||| |||| 00| 0 eng d
100 _aHeekelman, Jac C.
245 _aWhich economic freedom contribute to growth?
260 _c2000
300 _ap.527-44
650 _aEconomic growth
700 _aStroup, Michael D.
773 _aKyklos
909 _a47721
999 _c47721
_d47721